[Event "Rheinland Pfalz op 2nd"]
[Site "Schweich"]
[Date "2010.07.17"]
[Round "4"]
[White "Orth, Ulrich"]
[Black "Roehlich, Anna"]
[Result "1-0"]
[WhiteElo "1606"]
[BlackElo "1426"]
[PlyCount "95"]
[EventDate "2010.07.16"]
[EventType "swiss"]
[EventRounds "7"]
[EventCountry "GER"]
[SourceTitle "EXT 2012"]
[Source "ChessBase"]
[SourceDate "2011.11.24"]
[SourceVersion "1"]
[SourceVersionDate "2011.11.24"]
[SourceQuality "1"]

1. d4 Nf6 2. c4 g6 3. Nf3 Bg7 4. e3 d6 5. Nc3 0-0 6. Be2 Nbd7 7. 0-0 e5 8. d5 Ne8 9. e4 f5 10. Ng5 Ndf6 11. f4 h6 12. fxe5 dxe5 13. Ne6 Bxe6 14. dxe6 Qxd1 15. Rxd1 Nd6 16. exf5 gxf5 17. c5 Nc8 18. Nb5 Ne7 19. b4 Rfd8 20. Bb2 Nfd5 21. a3 a6 22. Nc3 Ne3 23. Rd7 Rxd7 24. exd7 Rd8 25. Kf2 f4 26. Nd1 N7d5 27. Nxe3 Nxe3 28. c6 bxc6 29. Rc1 Rxd7 30. Rxc6 Rd2 31. Bc1 Ra2 32. Kf3 e4+ 33. Kxf4 Nxg2+ 34. Kxe4 Rxe2+ 35. Kf3 Ra2 36. Rxa6 Ne1+ 37. Ke4 Rxh2 38. Rc6 Rh4+ 39. Kf5 Rh2 40. Rxc7 Rf2+ 41. Ke4 h5 42. b5 Rf6 43. Bb2 h4 44. Bxf6 Bxf6 45. b6 Bd8 46. Rc8 h3 47. Rxd8+ Kg7 48. Rd2 1-0

[Event "GER-ch U14 Girls"]
[Site "Oberhof"]
[Date "2010.05.29"]
[Round "9"]
[White "Roehlich, Anna"]
[Black "Winterholler, Christina"]
[Result "0-1"]
[WhiteElo "1492"]
[BlackElo "1702"]
[PlyCount "76"]
[EventDate "2010.05.22"]
[EventType "swiss"]
[EventRounds "9"]
[EventCountry "GER"]
[SourceTitle "CBM 136 Extra"]
[Source "ChessBase"]
[SourceDate "2010.07.02"]
[SourceVersion "2"]
[SourceVersionDate "2010.07.15"]
[SourceQuality "1"]

1. e4 e5 2. Nf3 Nc6 3. Bc4 Bc5 4. c3 Nf6 5. d3 a6 6. b4 Ba7 7. 0-0 d6 8. h3 h6 9. Nbd2 Nh7 10. Re1 Qf6 11. Nf1 Ng5 12. Be3 Nxf3+ 13. Qxf3 Qxf3 14. gxf3 Bxh3 15. Ng3 g6 16. Kh2 Bd7 17. Rg1 Ne7 18. Ne2 Bc6 19. a4 Bxe3 20. fxe3 a5 21. b5 Bd7 22. f4 f6 23. Raf1 0-0-0 24. Bb3 Rhf8 25. Rg2 h5 26. Rgf2 f5 27. fxe5 dxe5 28. d4 Rh8 29. exf5 Nxf5 30. Rf3 e4 31. Rh3 g5 32. Rg3 Nxg3 33. Nxg3 Rdf8 34. Re1 g4 35. Nxe4 h4 36. Re2 g3+ 37. Kg1 Bh3 38. Ng5 Rf1# 0-1

[Event "GER-chT Lands U20"]
[Site "Dresden"]
[Date "2008.11.16"]
[Round "4.8"]
[White "Roehlich, Anna"]
[Black "Bohm, Stephanie"]
[Result "1-0"]
[WhiteElo "987"]
[BlackElo "1162"]
[PlyCount "67"]
[EventDate "2008.11.14"]
[EventType "team-swiss"]
[EventRounds "7"]
[EventCountry "GER"]
[SourceTitle "EXT 2010"]
[Source "ChessBase"]
[SourceDate "2010.11.25"]
[SourceVersion "1"]
[SourceVersionDate "2010.11.25"]
[SourceQuality "1"]
[WhiteTeam "Rheinland Pfalz"]
[BlackTeam "Wuerttemberg II"]
[WhiteTeamCountry "GER"]
[BlackTeamCountry "GER"]

1. e4 c5 2. Nc3 Nc6 3. f4 e6 4. e5 d6 5. exd6 Bxd6 6. d3 Nf6 7. Nf3 0-0 8. g3 Nd5 9. Ne4 Re8 10. c4 Nf6 11. Nfd2 e5 12. Be2 exf4 13. Nxf6+ Qxf6 14. Ne4 Qe7 15. Nxd6 Qxd6 16. Bxf4 Qe7 17. Kf2 Nd4 18. Re1 Qf6 19. h4 Nc6 20. Qd2 h6 21. Kg2 Qf5 22. a3 Qh3+ 23. Kg1 g5 24. Bf1 Rxe1 25. Rxe1 Qd7 26. hxg5 Nd4 27. Bg2 hxg5 28. Bxg5 Qg4 29. Re8+ Kg7 30. Qe3 Nf5 31. Qe5+ Kg6 32. Rg8+ Kh5 33. Qh8+ Nh6 34. Qxh6# 1-0

[Event "GER-chT Lands U20"]
[Site "Dresden"]
[Date "2008.11.14"]
[Round "2.8"]
[White "Spiegelberg, Silvia"]
[Black "Roehlich, Anna"]
[Result "1-0"]
[WhiteElo "1535"]
[BlackElo "987"]
[PlyCount "53"]
[EventDate "2008.11.14"]
[EventType "team-swiss"]
[EventRounds "7"]
[EventCountry "GER"]
[SourceTitle "EXT 2010"]
[Source "ChessBase"]
[SourceDate "2010.11.25"]
[SourceVersion "1"]
[SourceVersionDate "2010.11.25"]
[SourceQuality "1"]
[WhiteTeam "Baden"]
[BlackTeam "Rheinland Pfalz"]
[WhiteTeamCountry "GER"]
[BlackTeamCountry "GER"]

1. e4 c5 2. Nf3 Nc6 3. d4 cxd4 4. Nxd4 g6 5. Nc3 Bg7 6. Nf3 d6 7. Bc4 Nf6 8. 0-0 0-0 9. Re1 a6 10. a4 Bd7 11. Ng5 Ne5 12. Bb3 Rc8 13. h3 h6 14. Nf3 b5 15. Nxe5 dxe5 16. axb5 axb5 17. Be3 b4 18. Nd5 Nxe4 19. Bb6 Nxf2 20. Bxd8 Nxd1 21. Nxe7+ Kh7 22. Nxc8 Bxc8 23. Raxd1 Re8 24. Bxf7 Rf8 25. Bb3 Bb7 26. Rf1 Re8 27. Rf7 1-0

[Event "GER-ch U12"]
[Site "Willingen"]
[Date "2008.05.15"]
[Round "8"]
[White "Roehlich, Anna"]
[Black "Neumann, Florian"]
[Result "0-1"]
[WhiteElo "1043"]
[BlackElo "1350"]
[PlyCount "36"]
[EventDate "2008.05.11"]
[EventType "swiss"]
[EventRounds "11"]
[EventCountry "GER"]
[SourceTitle "CBM 124 Extra"]
[Source "ChessBase"]
[SourceDate "2008.07.03"]
[SourceVersion "1"]
[SourceVersionDate "2008.07.03"]
[SourceQuality "1"]

1. e4 e5 2. Nf3 Nc6 3. Bc4 Nf6 4. Ng5 d5 5. exd5 Nd4 6. c3 b5 7. cxd4 bxc4 8. dxe5 Qxd5 9. Nf3 Ng4 10. Nc3 Qc5 11. 0-0 Be6 12. Qe2 h6 13. h3 h5 14. hxg4 hxg4 15. Ng5 Bc8 16. Qe3 Qc6 17. Qe4 Qh6 18. g3 Qh2# 0-1

[Event "GER-ch U12"]
[Site "Willingen"]
[Date "2008.05.11"]
[Round "2"]
[White "Roehlich, Anna"]
[Black "Knopf, Felix"]
[Result "0-1"]
[WhiteElo "1043"]
[BlackElo "1412"]
[PlyCount "124"]
[EventDate "2008.05.11"]
[EventType "swiss"]
[EventRounds "11"]
[EventCountry "GER"]
[SourceTitle "CBM 124 Extra"]
[Source "ChessBase"]
[SourceDate "2008.07.03"]
[SourceVersion "1"]
[SourceVersionDate "2008.07.03"]
[SourceQuality "1"]

1. e4 c5 2. d4 cxd4 3. c3 Nf6 4. Bd3 Nc6 5. Nf3 d6 6. cxd4 e6 7. Nc3 a6 8. 0-0 Be7 9. Bf4 0-0 10. Qd2 b5 11. a3 Bb7 12. Rfd1 Rc8 13. e5 dxe5 14. dxe5 Nd5 15. Bh6 Nxc3 16. bxc3 Na5 17. Rab1 Bxf3 18. gxf3 Nc4 19. Bxc4 Rxc4 20. Be3 Qxd2 21. Bxd2 Rd8 22. Be1 Rxd1 23. Rxd1 Bxa3 24. Rd8+ Bf8 25. Ra8 Ra4 26. Kg2 g6 27. Kg3 Kg7 28. h4 h5 29. Bd2 Be7 30. f4 a5 31. Ra7 Bc5 32. Rb7 b4 33. cxb4 axb4 34. Kg2 Ra2 35. Bxb4 Rb2 36. Bxc5 Rxb7 37. Kf3 Rb5 38. Be7 Rb7 39. Bf6+ Kf8 40. Bd8 Ke8 41. Ba5 Kd7 42. Ke4 Rb5 43. Bc3 Kc6 44. Kd4 Rb1 45. Ba5 Kd7 46. Ke3 Rh1 47. Kf3 Rxh4 48. Bd2 Rh1 49. Kg3 Ke7 50. Bb4+ Ke8 51. Kg2 Rb1 52. Bd6 Rb3 53. f3 Rd3 54. Kg3 Rxd6 55. exd6 Kd7 56. Kh4 Kxd6 57. Kg5 Kd5 58. Kh4 Kd4 59. Kh3 Ke3 60. Kg3 f5 61. Kg2 Kxf4 62. Kf2 e5 0-1